Ballet in America : (Record no. 553480)
[ view plain ]
| 000 -LEADER | |
|---|---|
| fixed length control field | 00690cam a2200193 a 4500 |
| 020 ## - INTERNATIONAL STANDARD BOOK NUMBER | |
| International Standard Book Number | 0306761548 : |
| 082 00 - DEWEY DECIMAL CLASSIFICATION NUMBER | |
| Classification number | 973 |
| Author Mark | AMB |
| 100 1# - MAIN ENTRY--PERSONAL NAME | |
| Personal name | Amberg, George, |
| 9 (RLIN) | 50657 |
| 245 10 - TITLE STATEMENT | |
| Title | Ballet in America : |
| Remainder of title | the emergence of an American art / |
| Statement of responsibility, etc. | by George Amberg. |
| 260 ## - PUBLICATION, DISTRIBUTION, ETC. | |
| Place of publication, distribution, etc. | New York : |
| Name of publisher, distributor, etc. | Da Capo Press, |
| Date of publication, distribution, etc. | 1983, c1949. |
| 300 ## - PHYSICAL DESCRIPTION | |
| Extent | xx, 244 p., [56] p. of plates : |
| Other physical details | ill. ; |
| Dimensions | 24 cm. |
| 500 ## - GENERAL NOTE | |
| General note | Includes index. |
| 500 ## - GENERAL NOTE | |
| General note | Reprint. Originally published: New York : Duell, Sloan and Pearce, 1949. |
| 526 ## - STUDY PROGRAM INFORMATION NOTE | |
| Program name | 0 |
| Interest level | 0 |
| Reading level | 0 |
| Title point value | 973_000000000000000_AMB |
| 650 #0 - SUBJECT ADDED ENTRY--TOPICAL TERM | |
| Topical term or geographic name entry element | Ballet |
| Geographic subdivision | United States |
| General subdivision | History. |
| 9 (RLIN) | 50658 |
| 650 #0 - SUBJECT ADDED ENTRY--TOPICAL TERM | |
| Topical term or geographic name entry element | Dance |
| Geographic subdivision | United States |
| General subdivision | History. |
| 9 (RLIN) | 50659 |
| 650 #0 - SUBJECT ADDED ENTRY--TOPICAL TERM | |
| Topical term or geographic name entry element | MCE |
| 9 (RLIN) | 379 |
| 942 ## - ADDED ENTRY ELEMENTS (KOHA) | |
| Source of classification or shelving scheme | |
| Koha item type | Book |
| Withdrawn status | Lost status | Source of classification or shelving scheme | Damaged status | Not for loan | Permanent Location | Current Location | Shelving location | Date acquired | Total Checkouts | Full call number | Barcode | Date last seen | Price effective from | Koha item type |
|---|---|---|---|---|---|---|---|---|---|---|---|---|---|---|
| Military College of Engineering (MCE) | Military College of Engineering (MCE) | 02/12/2015 | 973 AMB | MCE-MCB /1.1 | 02/12/2015 | 02/12/2015 | Book |
